LEADER 01815nam0 22003973i 450 001 LO10300415 005 20231121125516.0 010 $a8879890034 100 $a19930325d1993 ||||0itac50 ba 101 | $aita$cita 102 $ait 181 1$6z01$ai $bxxxe 182 1$6z01$an 200 1 $aBreve storia dell'Italia meridionale$edall'Ottocento a oggi$fPiero Bevilacqua 210 $aRoma$cDonzelli$d[1993] 215 $aXVII, 176 p.$d22 cm. 225 | $aSaggi$i. Storia e scienze sociali 410 0$1001LO10300397$12001 $aSaggi$i. Storia e scienze sociali 500 10$aBreve storia dell'Italia meridionale$3CSA0173964$972045 606 $aAgricoltura$xItalia meridionale$xSec. 19.-20.$2FIR$3RMLC015230$9I 606 $aItalia meridionale$xSec. 19.-20.$2FIR$3RMLC095046$9I 676 $a330.945$9ECONOMIA DEI SINGOLI PAESI. ITALIA$v21 676 $a945.709$9STORIA DELL'ITALIA MERIDIONALE. 1870-$v19 700 1$aBevilacqua$b, Piero$3CFIV007989$4070$0437847 801 3$aIT$bIT-01$c19930325 850 $aIT-RM028 $aIT-RM0264 $aIT-RM1248 $aIT-RM0460 $aIT-FR0017 899 $aBiblioteca Universitaria Alessandrina$bRM028 899 $aBiblioteca militare centrale dello Stato maggiore dell'esercito$bRM0264 899 $aBiblioteca Della Fondazione Pietro Nenni$bRM1248 899 $aBiblioteca Dell' Archivio Centrale Dello Stato$bRM0460 899 $aBiblioteca umanistica Giorgio Aprea$bFR0017 912 $aLO10300415 950 0$aBiblioteca umanistica Giorgio Aprea$d 52DES 945 Bev.Bre.$e 52SBA0000150215 VMB RS $fA $h20130411$i20130411 977 $a 01$a 16$a 23$a 27$a 52 996 $aBreve storia dell'Italia meridionale$972045 997 $aUNICAS